000 00526nam a2200169Ia 4500
999 _c23465
_d23465
003 OSt
005 20200519115928.0
008 190216s9999||||xx |||||||||||||| ||und||
020 _a9788174352248
040 _coclc
082 _a320.550924
_bKHA/P
100 _aKhan, Qamaruddin
_92428
245 4 _aThe Political Thought Of Ibn Taymiyah /
_cQamaruddin Khan
260 _bAdam Publishers&Distributors,
_c2007.
_aNew Delhi:
300 _a215p
942 _cBK
_2ddc
_h320.550924
_iKHA/P
_k320.550924
_mKHA/P